Numerical Methods for Engineers / (Record no. 7988)

MARC details
000 -LEADER
fixed length control field 01637nac a2200397 i 4500
003 - CONTROL NUMBER IDENTIFIER
control field EG-ScBUE
005 - DATE AND TIME OF LATEST TRANSACTION
control field 20241121103533.0
008 - FIXED-LENGTH DATA ELEMENTS--GENERAL INFORMATION
fixed length control field 100322t2006 ny a f b 001 0 eng d
020 ## - INTERNATIONAL STANDARD BOOK NUMBER
International Standard Book Number 007291873X (hard copy : alk. paper)
020 ## - INTERNATIONAL STANDARD BOOK NUMBER
International Standard Book Number 9780071244299
020 ## - INTERNATIONAL STANDARD BOOK NUMBER
International Standard Book Number 0071244298
040 ## - CATALOGING SOURCE
Original cataloging agency EG-ScBUE
Language of cataloging eng
Description conventions rda
Transcribing agency EG-ScBUE
Modifying agency EG-ScBUE
082 04 - DEWEY DECIMAL CLASSIFICATION NUMBER
Classification number 518.02462
Item number CHA
Edition number 22
100 1# - MAIN ENTRY--PERSONAL NAME
Personal name Chapra, Steven C.,
Relator term author.
9 (RLIN) 12958
245 10 - TITLE STATEMENT
Title Numerical Methods for Engineers /
Statement of responsibility, etc Steven C. Chapra, berger chair in computing and engineering, Tufts University, Raymond P. Canale, professor emeritus of civil engineering, University of Michigan.
250 ## - EDITION STATEMENT
Edition statement Fifth edition.
250 ## - EDITION STATEMENT
Edition statement International edition.
264 #1 - PUBLICATION, DISTRIBUTION, ETC. (IMPRINT)
Place of publication, distribution, etc New York :
Name of publisher, distributor, etc McGraw-Hill Education,
Date of publication, distribution, etc [2006]
264 #4 - PUBLICATION, DISTRIBUTION, ETC. (IMPRINT)
Date of publication, distribution, etc c2006
300 ## - PHYSICAL DESCRIPTION
Extent xviii, 926 pages :
Other physical details illustrations ;
Dimensions 24 cm
336 ## - CONTENT TYPE
Source rdacontent
Content type term text
Content type code txt
337 ## - MEDIA TYPE
Media type term unmediated
Source rdamedia
Media type code n
338 ## - CARRIER TYPE
Carrier type term volume
Carrier type code nc
Source rdacarrier
504 ## - BIBLIOGRAPHY, ETC. NOTE
Bibliography, etc Includes bibliographical references and index.<br/>
590 ## - LOCAL NOTE (RLIN)
Local note Catalogued by : Mostafa El-Helaly
650 #7 - SUBJECT ADDED ENTRY--TOPICAL TERM
Topical term or geographic name as entry element Engineering mathematics
General subdivision Data processing.
9 (RLIN) 12959
Source of heading or term BUEsh
650 #7 - SUBJECT ADDED ENTRY--TOPICAL TERM
Topical term or geographic name as entry element Numerical calculations
General subdivision Data processing
9 (RLIN) 12960
Source of heading or term BUEsh
650 #7 - SUBJECT ADDED ENTRY--TOPICAL TERM
Topical term or geographic name as entry element Microcomputers
General subdivision Programming.
9 (RLIN) 12961
Source of heading or term BUEsh
651 ## - SUBJECT ADDED ENTRY--GEOGRAPHIC NAME
Source of heading or term BUEsh
653 ## - INDEX TERM--UNCONTROLLED
Arrived date list August2015
655 ## - INDEX TERM--GENRE/FORM
Form subdivision Reading book
700 1# - ADDED ENTRY--PERSONAL NAME
Personal name Canale, Raymond P.,
Relator term author.
9 (RLIN) 12962
856 42 - ELECTRONIC LOCATION AND ACCESS
Materials specified Publisher description
Uniform Resource Identifier <a href="http://www.loc.gov/catdir/enhancements/fy0702/2005008475-d.html">http://www.loc.gov/catdir/enhancements/fy0702/2005008475-d.html</a>
856 42 - ELECTRONIC LOCATION AND ACCESS
Materials specified Table of contents only
Uniform Resource Identifier <a href="http://www.loc.gov/catdir/enhancements/fy0702/2005008475-t.html">http://www.loc.gov/catdir/enhancements/fy0702/2005008475-t.html</a>
942 ## - ADDED ENTRY ELEMENTS (KOHA)
Koha item type Book - Borrowing
Source of classification or shelving scheme Dewey Decimal Classification
Holdings
Withdrawn status Lost status Source of classification or shelving scheme Damaged status Not for loan Collection code Home library Current library Shelving location Date acquired Source of acquisition Cost, normal purchase price Total Checkouts Total Renewals Full call number Barcode Date last seen Date checked out Cost, replacement price Koha item type
    Dewey Decimal Classification     Baccah Central Library Central Library First floor 08/02/2017 Purchase 180.00 13 68 518.02462 CHA 000009579 15/07/2025 09/02/2023 225.00 Book - Borrowing
    Dewey Decimal Classification     Baccah Central Library Central Library First floor 08/02/2017 Purchase 180.00 15 43 518.02462 CHA 000009617 15/07/2025 10/03/2018 225.00 Book - Borrowing
    Dewey Decimal Classification     Baccah Central Library Central Library First floor 22/03/2010 Purchase 180.00 6 43 518.02462 CHA 000020302 15/07/2025 12/05/2015 225.00 Book - Borrowing
    Dewey Decimal Classification     Baccah Central Library Central Library First floor 22/03/2010 Purchase 180.00 7 27 518.02462 CHA 000029207 15/07/2025 22/05/2019 225.00 Book - Borrowing
    Dewey Decimal Classification     Baccah Central Library Central Library First floor 22/03/2010 Purchase 180.00 2   518.02462 CHA 000009612 15/07/2025 27/03/2013 225.00 NB - Book (Non borrowing)
    Dewey Decimal Classification     Baccah Central Library Central Library First floor 28/03/2010 Purchase 180.00 8 30 518.02462 CHA 000020491 15/07/2025 11/05/2015 225.00 Book - Borrowing
    Dewey Decimal Classification     Baccah Central Library Central Library First floor 28/03/2010 Purchase 180.00 8 45 518.02462 CHA 000020489 15/07/2025 13/02/2019 225.00 Book - Borrowing
    Dewey Decimal Classification     Baccah Central Library Central Library First floor 28/03/2010 Purchase 180.00 9 14 518.02462 CHA 000020490 15/07/2025 11/02/2018 225.00 Book - Borrowing
    Dewey Decimal Classification     Baccah Central Library Central Library First floor 28/03/2010 Purchase 180.00 13 53 518.02462 CHA 000020492 15/07/2025 17/04/2019 225.00 Book - Borrowing